000 00996nas a2200313 4500
001 BR2014006487
003 BR-BrBNA
005 20231205124621.0
007 ta
008 230509b bl.|||p| |||| 00| 00por d
040 _aBR-BrBNA
_bpor
_cBiblioteca Nacional de Agricultura
041 _a(Pt)
072 _aL10
100 1 _aSilva, A.M. da
100 1 _aPeixoto, G.C.X.
100 1 _aBezerra, J.A.B.
100 1 _aCastelo, T. de S.
100 1 _aSantos, E.A.A.
100 1 _aSilva, A.R.
245 1 _aRelações entre e câmara de Neubauer a espectrofotometria utilizadas para a determinação da concentração espermática de catetos (Pecari tajacu)
650 _aPORCO SELVAGEM
650 _aESPERMA
650 _aESPECTROFOTOMETRIA
650 _aEJACULAÇÃO
650 _aMÉTODO ESTATÍSTICO
773 0 _tCiência Rural (Brazil)
_xISSN 0103-8478
_g(Aug 2014), v. 44(8) p. 1494-1498
_wBR2014006487
909 _a202311
_bLúcia
_c55
_dLúcia Elande
942 _2AGRIS
_n0
_cANA
999 _c240001
_d240001